<?xml version="1.0" encoding="UTF-8"?>
<marc:record xmlns:marc="http://www.loc.gov/MARC21/slim">
   <marc:leader>00000nam a2200000 a 4500</marc:leader>
   <marc:datafield ind1="0" ind2="0" tag="245">
      <marc:subfield code="a">LÜK Saurierpark</marc:subfield>
   </marc:datafield>
   <marc:datafield ind1="0" ind2="0" tag="245">
      <marc:subfield code="b">Puzzle-Lernspiel</marc:subfield>
   </marc:datafield>
   <marc:datafield ind1=" " ind2="1" tag="264">
      <marc:subfield code="b">Westermann Lernspielverlag</marc:subfield>
   </marc:datafield>
   <marc:datafield ind1="1" ind2=" " tag="520">
      <marc:subfield code="a">Pia und Emil machen mit ihren Eltern Ferien am See. Heute ist ihnen ziemlich langweilig. Da haben Mama und Papa eine Überraschung: "Wir machen eine Zeitreise!"
"Ihr flunkert doch!", meint Pia. Und Emil runzelt die Stirn.
Mit dem Auto fahren sie auf einen großen Parkplatz. Dann gehen sie durch ein Tor. Über dem Tor steht "SAURIERPARK".
Wie die Geschichte weitergeht erfährst du in diesem LÜK-Puzzlelernspiel rund um das Thema Saurier!
Lege die Puzzleteile entsprechend der Übung in die Puzzlebox auf den richtigen Platz, drehe die geschlossene Puzzlebox um und sieh nach, ob du alles richtig gemacht hast!
</marc:subfield>
   </marc:datafield>
</marc:record>
